[Event "13sen.WMH 2003 Senioren"]
[Site "Bad Zwischenahn(17.11.-29.11.2003)"]
[Date "2003.11.29"]
[Round "5.93"]
[White "Grassmehl, Gerhard"]
[Black "Werl, Wolfgang"]
[Result "1/2-1/2"]
[WhiteElo "1721"]
[BlackElo "1758"]
[PlyCount "37"]


1. d4 d6 2. c4 Nf6 3. Nc3 e5 4. dxe5 dxe5 5. Bg5 Be7 6. e3 c6 7. Qc2 Be6 8. Nf3
Nbd7 9. Rd1 Qa5 10. Bxf6 Bxf6 11. Nd2 O-O-O 12. Be2 g6 13. O-O Bg7 14. Nde4 Nc5
15. a3 Nxe4 16. Nxe4 Rxd1 17. Rxd1 Rd8 18. Nd6+ Kb8 19. c5 1/2-1/2

[Event "13sen.WMH 2003 Senioren"]
[Site "Bad Zwischenahn(17.11.-29.11.2003)"]
[Date "2003.11.29"]
[Round "5.97"]
[White "Schueler, Wolfgang[36Lichtb]"]
[Black "Schulz, Hermann[35Uelzen]"]
[Result "1-0"]
[WhiteElo "1937"]
[BlackElo "1584"]
[PlyCount "37"]


1. e4 c5 2. Nc3 d6 3. g3 Nf6 4. Bg2 g6 5. d3 Bg7 6. f4 Nc6 7. Nf3 Qc7 8. O-O
O-O 9. Kh1 Bg4 10. h3 Bxf3 11. Qxf3 Nd4 12. Qf2 Rab8 13. g4 e6 14. f5 exf5 15.
exf5 gxf5 16. g5 Nd7 17. Nd5 Qd8 18. c3 Ne6 19. Qxf5 1-0

[Event "13sen.WMH 2003 Senioren"]
[Site "Bad Zwischenahn(17.11.-29.11.2003)"]
[Date "2003.11.29"]
[Round "6"]
[White "Aigner, Georg"]
[Black "Langer, Wolfgang[39Leipz]"]
[Result "1-0"]
[WhiteElo "1806"]
[BlackElo "1800"]
[PlyCount "80"]


1. e4 e6 2. d4 d5 3. e5 c5 4. c3 Nc6 5. Nf3 Qb6 6. Be2 Nh6 7. O-O cxd4 8. b3
dxc3 9. Bxh6 gxh6 10. Nxc3 a6 11. Re1 Bb4 12. Qd3 Bd7 13. Na4 Qa7 14. Rec1 b5
15. Nc3 Ba3 16. Rf1 Qc7 17. Qe3 Bb2 18. Rab1 d4 19. Nxd4 Bxc3 20. Qxc3 Qxe5 21.
Rfd1 Nxd4 22. Rxd4 Rc8 23. Qd3 Rc7 24. Rd1 O-O 25. Re4 Qc5 26. Qd2 f5 27. Rd4
Be8 28. Qxh6 Qe5 29. Bf3 Qf6 30. Qe3 Rg7 31. Rd6 Bf7 32. Qb6 Qg5 33. Rd8 Rg6
34. Rxf8+ Kxf8 35. Qxa6 e5 36. Qc8+ Kg7 37. Qc3 Qf6 38. Bh5 e4 39. Qc2 Rg5 40.
Bxf7 Qxf7 1-0

[Event "13sen.WMH 2003 Senioren"]
[Site "Bad Zwischenahn(17.11.-29.11.2003)"]
[Date "2003.11.29"]
[Round "6"]
[White "Bartle, Georg"]
[Black "Iken, Meindert"]
[Result "1/2-1/2"]
[WhiteElo "1682"]
[BlackElo "1476"]
[PlyCount "99"]


1. b4 d5 2. Bb2 Nc6 3. b5 Na5 4. d3 c6 5. a4 Nf6 6. Nd2 Qc7 7. Ngf3 Bf5 8. e3
Nd7 9. Be2 e5 10. O-O Bd6 11. Nh4 Bg6 12. g3 O-O 13. Nxg6 hxg6 14. Rc1 c5 15.
c3 b6 16. Bf3 Nf6 17. e4 d4 18. cxd4 exd4 19. Bxd4 Be5 20. Bxe5 Qxe5 21. Qc2
Rad8 22. Be2 Qe6 23. Kg2 Nh7 24. Nf3 Nb3 25. Rcd1 Nd4 26. Nxd4 Rxd4 27. f4 Rfd8
28. e5 Qd7 29. h4 c4 30. dxc4 Rd2 31. Rxd2 Qxd2 32. Rc1 Nf8 33. Kf3 Ne6 34.
Qxd2 Rxd2 35. Ke3 Ra2 36. Bd1 Ra3+ 37. Kf2 Nc5 38. Kg2 Nd3 39. Rb1 Ne1+ 40. Kh3
Nd3 41. Bb3 Nf2+ 42. Kg2 Ne4 43. Rb2 Kf8 44. g4 Nc5 45. Bc2 Rc3 46. g5 Rxc4 47.
Kg3 Ne6 48. f5 Rc3+ 49. Kg4 Rc4+ 50. Kg3 1/2-1/2

[Event "13sen.WMH 2003 Senioren"]
[Site "Bad Zwischenahn(17.11.-29.11.2003)"]
[Date "2003.11.29"]
[Round "6"]
[White "Batakovs, Olegs"]
[Black "Kudoke, Willy"]
[Result "1-0"]
[WhiteElo "2123"]
[BlackElo "1847"]
[PlyCount "61"]


1. e4 c5 2. Nf3 Nc6 3. d4 cxd4 4. Nxd4 g6 5. c4 Bg7 6. Be3 d6 7. Nc3 Bd7 8. Be2
Nf6 9. O-O O-O 10. Rc1 Rc8 11. h3 b6 12. b3 Nxd4 13. Bxd4 Bc6 14. Bf3 Ne8 15.
Bxg7 Kxg7 16. Qd4+ f6 17. Bg4 Ra8 18. Nd5 Nc7 19. f4 h5 20. Bf3 Ne6 21. Qe3
Bxd5 22. exd5 Nc7 23. Rce1 Kf7 24. f5 Rh8 25. fxg6+ Kxg6 26. Qxe7 Qxe7 27. Rxe7
Ne8 28. Be4+ Kh6 29. h4 a5 30. Rf3 a4 31. Rg3 1-0

[Event "13sen.WMH 2003 Senioren"]
[Site "Bad Zwischenahn(17.11.-29.11.2003)"]
[Date "2003.11.29"]
[Round "6"]
[White "Becker, Karl-Heinz[31Köln]"]
[Black "Girod, Gudrun"]
[Result "1/2-1/2"]
[WhiteElo "1534"]
[BlackElo "1398"]
[PlyCount "58"]


1. d4 d5 2. Nf3 Nf6 3. e3 e6 4. Nbd2 Be7 5. Bd3 Nbd7 6. O-O O-O 7. c3 Bd6 8. h3
e5 9. dxe5 Nxe5 10. Nxe5 Bxe5 11. Nf3 Bd6 12. b4 c6 13. Bb2 h6 14. Qc2 Re8 15.
Rfe1 Ne4 16. Nd2 f5 17. Nxe4 fxe4 18. Be2 Qg5 19. Bg4 Bxg4 20. hxg4 Qxg4 21.
Qe2 Qh4 22. g3 Qg5 23. Kg2 Rf8 24. Rh1 Qf5 25. Rh5 Qf3+ 26. Qxf3 Rxf3 27. Rc1
Raf8 28. Rc2 R8f5 29. Rxf5 Rxf5 1/2-1/2

[Event "13sen.WMH 2003 Senioren"]
[Site "Bad Zwischenahn(17.11.-29.11.2003)"]
[Date "2003.11.29"]
[Round "6"]
[White "Bergmann, Hans-Dieter"]
[Black "Zeh, Helmut"]
[Result "0-1"]
[WhiteElo "1595"]
[BlackElo "1757"]
[PlyCount "58"]


1. e4 e5 2. f4 Nc6 3. Nf3 exf4 4. d4 g5 5. h4 g4 6. Ng5 h6 7. Nxf7 Kxf7 8. Qxg4
Nf6 9. Qxf4 Nxd4 10. Bd3 Ne6 11. Qf2 d6 12. Nc3 c6 13. h5 Bg7 14. Be3 Ke7 15.
O-O-O Ng4 16. Qh4+ Ng5 17. Bd2 Bf6 18. Qe1 Be6 19. Ne2 Qb6 20. b3 a5 21. Nf4
Qc5 22. e5 Bxe5 23. Ng6+ Kd7 24. Nxe5+ Nxe5 25. Bc3 Kc7 26. Bb2 Rhf8 27. Rh4
Rae8 28. Be2 Bf5 29. Rd2 Nd3+ 0-1

[Event "13sen.WMH 2003 Senioren"]
[Site "Bad Zwischenahn(17.11.-29.11.2003)"]
[Date "2003.11.29"]
[Round "6"]
[White "Bernhoeft, Erhard"]
[Black "Suchsland, Helmut,Dr."]
[Result "1-0"]
[WhiteElo "1947"]
[BlackElo "1724"]
[PlyCount "99"]


1. Nf3 Nf6 2. g3 b5 3. Bg2 Bb7 4. d3 e6 5. c3 d5 6. Qb3 a6 7. a4 b4 8. cxb4 Nc6
9. Bd2 Bd6 10. Na3 O-O 11. O-O Qe7 12. b5 Nb4 13. Nd4 a5 14. Rac1 Rfc8 15. Nc6
Bxc6 16. bxc6 Rcb8 17. Nb5 Ra6 18. Bxb4 Bxb4 19. e4 dxe4 20. dxe4 e5 21. Rfd1
Bc5 22. Qc3 Rxc6 23. Qxa5 Bb6 24. Qd2 Rxc1 25. Qxc1 g6 26. Bf3 Ra8 27. Qc6 Rxa4
28. Nxc7 Qc5 29. Qxc5 Bxc5 30. Nd5 Nxe4 31. Bxe4 Kg7 32. Bb1 Bd4 33. b4 Ra3 34.
Kg2 Rb3 35. Bc2 Rb2 36. Rc1 f5 37. Kf1 Kf7 38. Ke2 Ke6 39. Ne3 Rxb4 40. Bd3 e4
41. Bc4+ Ke5 42. Bg8 Rb7 43. Rc6 Bxe3 44. Kxe3 Re7 45. Bc4 g5 46. Rc5+ Kf6 47.
Kd4 f4 48. h3 e3 49. Rc6+ Kf5 50. g4# 1-0

[Event "13sen.WMH 2003 Senioren"]
[Site "Bad Zwischenahn(17.11.-29.11.2003)"]
[Date "2003.11.29"]
[Round "6"]
[White "Bleher, Walter"]
[Black "Delander, Adolf"]
[Result "1/2-1/2"]
[WhiteElo "1935"]
[BlackElo "2006"]
[PlyCount "40"]


1. e4 c6 2. d4 d5 3. exd5 cxd5 4. Bd3 Nc6 5. c3 g6 6. Bf4 Bg7 7. Nf3 Nh6 8. Qd2
Nf5 9. O-O O-O 10. Re1 Re8 11. Qc2 f6 12. Bb5 Nd6 13. Bxd6 Qxd6 14. Nbd2 a6 15.
Bf1 e5 16. dxe5 Nxe5 17. Nd4 Bd7 18. Rad1 Qb6 19. Qb3 Qxb3 20. axb3 Bh6 1/2-1/2

[Event "13sen.WMH 2003 Senioren"]
[Site "Bad Zwischenahn(17.11.-29.11.2003)"]
[Date "2003.11.29"]
[Round "6"]
[White "Bodenstein, Joachim"]
[Black "Rudolph, Joachim"]
[Result "1-0"]
[WhiteElo "1862"]
[BlackElo "1653"]
[PlyCount "67"]


1. e4 e6 2. d4 d5 3. Nc3 Nf6 4. Bg5 Be7 5. e5 Nfd7 6. h4 Nc6 7. Qg4 f6 8. exf6
Nxf6 9. Qd1 Bd7 10. Nf3 Ne4 11. Nxe4 dxe4 12. Nd2 Nxd4 13. Nxe4 Nf5 14. Nc5 Nd6
15. Bd3 Bxg5 16. Qh5+ Kf8 17. hxg5 b6 18. Nxd7+ Qxd7 19. Qf3+ Ke7 20. Bxh7 Raf8
21. Qc3 Kd8 22. O-O-O Rxf2 23. Bd3 Rxh1 24. Rxh1 Rxg2 25. Rh8+ Ne8 26. g6 Rg1+
27. Kd2 Qd6 28. Qc4 Rxg6 29. Kc3 Rg5 30. Qh4 Kd7 31. Qxg5 c5 32. Qe3 Ke7 33.
Qg5+ Nf6 34. Qxg7# 1-0

[Event "13sen.WMH 2003 Senioren"]
[Site "Bad Zwischenahn(17.11.-29.11.2003)"]
[Date "2003.11.29"]
[Round "6"]
[White "Bodinger, Karl"]
[Black "Kerkhoff, Werner"]
[Result "0-1"]
[WhiteElo "1394"]
[BlackElo "1691"]
[PlyCount "62"]


1. f4 e5 2. d3 Nc6 3. Nf3 d6 4. e3 g6 5. Be2 Bg7 6. O-O Nge7 7. c3 O-O 8. e4 d5
9. Qc2 Bg4 10. h3 Bd7 11. fxe5 Nxe5 12. Nxe5 Bxe5 13. d4 Bg7 14. e5 h6 15. a4
c5 16. Be3 c4 17. g4 a5 18. Nd2 b5 19. axb5 Bxb5 20. Nb1 a4 21. Na3 Bc6 22. Qd2
Kh7 23. Rf2 Ng8 24. Raf1 f6 25. exf6 Rxf6 26. Rxf6 Bxf6 27. Bxh6 Nxh6 28. Rxf6
Qxf6 29. g5 Qd6 30. gxh6 Qg3+ 31. Kf1 Rf8+ 0-1

[Event "13sen.WMH 2003 Senioren"]
[Site "Bad Zwischenahn(17.11.-29.11.2003)"]
[Date "2003.11.29"]
[Round "6"]
[White "Bosbach, Manfred"]
[Black "Haug, Sverre"]
[Result "1/2-1/2"]
[WhiteElo "1766"]
[BlackElo "1856"]
[PlyCount "72"]


1. e4 d6 2. d4 Nf6 3. Nc3 g6 4. f3 Bg7 5. Be3 O-O 6. Qd2 Nbd7 7. Bh6 c5 8. Bxg7
Kxg7 9. Nge2 a6 10. O-O-O Qa5 11. Kb1 b5 12. Nc1 c4 13. g4 Bb7 14. h4 b4 15.
N3e2 Rfc8 16. c3 Nxe4 17. Qe3 Ndf6 18. d5 Nxd5 19. Qd4+ e5 20. Qxe4 Nxc3+ 21.
Nxc3 Bxe4+ 22. Nxe4 c3 23. Bd3 cxb2 24. Nb3 Qa3 25. Nxd6 Rc1+ 26. Rxc1 bxc1=Q+
27. Rxc1 Rd8 28. Nc4 Qa4 29. Be4 Qb5 30. h5 Rc8 31. Rc2 Rd8 32. hxg6 hxg6 33.
Ne3 Qb6 34. Nd5 Qd6 35. Ne3 Kh6 36. Rc6 Qb8 1/2-1/2

[Event "13sen.WMH 2003 Senioren"]
[Site "Bad Zwischenahn(17.11.-29.11.2003)"]
[Date "2003.11.29"]
[Round "6"]
[White "Brandt, Fred"]
[Black "Hippler, Hans-Werner"]
[Result "1-0"]
[WhiteElo "1641"]
[BlackElo "1456"]
[PlyCount "57"]


1. d4 Nf6 2. Nf3 e6 3. Bg5 Be7 4. e3 O-O 5. Bd3 d5 6. Nbd2 h6 7. Bh4 Nc6 8. c3
Nh7 9. Bg3 Nf6 10. Ne5 Bd7 11. f4 Rc8 12. O-O Nxe5 13. fxe5 Ne8 14. Qh5 f5 15.
exf6 Nxf6 16. Qe2 c5 17. Be5 c4 18. Bc2 Qe8 19. Bxf6 Bxf6 20. e4 Qe7 21. e5 Bg5
22. Nf3 Qd8 23. g3 Be7 24. Bb1 b5 25. Qc2 Rf5 26. g4 g6 27. gxf5 gxf5 28. Qg2+
Bg5 29. h4 1-0

[Event "13sen.WMH 2003 Senioren"]
[Site "Bad Zwischenahn(17.11.-29.11.2003)"]
[Date "2003.11.29"]
[Round "6"]
[White "Brandt, Wilhelm"]
[Black "Kruek, Josef"]
[Result "0-1"]
[WhiteElo "1871"]
[BlackElo "1991"]
[PlyCount "121"]


1. d4 Nf6 2. c4 e6 3. Nc3 Bb4 4. Bd2 O-O 5. Nf3 d5 6. e3 Nbd7 7. cxd5 exd5 8.
Bd3 Re8 9. Qb3 Bxc3 10. Bxc3 c6 11. Nd2 Qe7 12. Qc2 Nf8 13. O-O Bg4 14. Rae1
Bh5 15. e4 dxe4 16. Nxe4 Nd5 17. Ng3 Qh4 18. Nxh5 Qxh5 19. Bd2 Ng6 20. g3 Qg4
21. Be4 Nf6 22. Bf5 Qxd4 23. Bc3 Qc4 24. b3 Qc5 25. b4 Qd6 26. Rd1 Nd5 27. a3
Qf8 28. Bd4 Qe7 29. Qb2 f6 30. Qc2 Nf8 31. Bc5 Qe2 32. Rd2 Qh5 33. Rfd1 Ne6 34.
Be4 Nxc5 35. Bxd5+ cxd5 36. Qxc5 b6 37. Qxd5+ Qxd5 38. Rxd5 Kf7 39. f4 Rac8 40.
Kf2 Re7 41. R1d2 Rc3 42. R5d3 Rec7 43. Rxc3 Rxc3 44. Rd7+ Kg6 45. Rxa7 Rc2+ 46.
Kg1 Ra2 47. h3 h5 48. h4 b5 49. Rc7 Rxa3 50. Rc5 Rxg3+ 51. Kf2 Rg4 52. f5+ Kh6
53. Rxb5 Rxh4 54. Kg3 Kg5 55. Rb7 Rg4+ 56. Kh3 Kxf5 57. b5 g5 58. b6 Rb4 59.
Rb8 Rb3+ 60. Kg2 h4 61. b7 0-1

[Event "13sen.WMH 2003 Senioren"]
[Site "Bad Zwischenahn(17.11.-29.11.2003)"]
[Date "2003.11.29"]
[Round "6"]
[White "Bredendick, Franz"]
[Black "Nopp, Josef"]
[Result "1-0"]
[WhiteElo "1792"]
[BlackElo "1638"]
[PlyCount "77"]


1. e4 d6 2. d4 Nf6 3. Nc3 Nbd7 4. Nf3 e5 5. Bc4 h6 6. O-O Be7 7. Bb3 O-O 8. Be3
Ng4 9. Bc1 exd4 10. Nxd4 Nb6 11. h3 Ne5 12. a4 Bf6 13. f4 Ng6 14. Be3 Re8 15.
Qh5 Nh8 16. Rad1 Qe7 17. a5 Bxd4 18. Bxd4 Nd7 19. Nd5 Qd8 20. e5 c6 21. Nf6+
gxf6 22. exf6 Re4 23. Qxh6 Qf8 24. Qg5+ Kh7 25. Qf5+ Kg8 26. Rf3 d5 27. Rg3+
Ng6 28. Rxg6+ fxg6 29. Qxg6+ Kh8 30. f5 Rxd4 31. Rxd4 Qxf6 32. Qh5+ Kg7 33.
Rg4+ Kf8 34. Rg6 Qd4+ 35. Kh1 Nf6 36. Qh8+ Ke7 37. Qg7+ Kd6 38. c3 Qe5 39.
Rxf6+ 1-0

[Event "13sen.WMH 2003 Senioren"]
[Site "Bad Zwischenahn(17.11.-29.11.2003)"]
[Date "2003.11.29"]
[Round "6"]
[White "Broberg, Horst"]
[Black "Nolte, Wilhelm"]
[Result "1-0"]
[WhiteElo "1958"]
[BlackElo "1670"]
[PlyCount "27"]


1. e4 e6 2. d4 d5 3. Nd2 dxe4 4. Nxe4 Bd7 5. Nf3 Bc6 6. Bd3 Bxe4 7. Bxe4 c6 8.
O-O Nf6 9. Bd3 Nbd7 10. Qe2 c5 11. Rd1 Be7 12. dxc5 Bxc5 13. Bg5 Be7 14. Bxf6
1-0

[Event "13sen.WMH 2003 Senioren"]
[Site "Bad Zwischenahn(17.11.-29.11.2003)"]
[Date "2003.11.29"]
[Round "6"]
[White "Budde, Reinhard"]
[Black "Langmann, Claus"]
[Result "0-1"]
[WhiteElo "1575"]
[BlackElo "1849"]
[PlyCount "96"]


1. e4 c5 2. Nf3 Nc6 3. d4 cxd4 4. Nxd4 Nf6 5. Nc3 e5 6. Nxc6 bxc6 7. Bd3 Rb8 8.
Rb1 Bb4 9. Bd2 O-O 10. O-O d5 11. exd5 cxd5 12. a3 Bd6 13. Bg5 Bb7 14. f3 a6
15. Qe2 h6 16. Bxf6 Qxf6 17. Kh1 Bc7 18. Nd1 Rfe8 19. Ne3 h5 20. c4 e4 21. fxe4
Qe5 22. g3 dxc4 23. Nxc4 Bxe4+ 24. Qxe4 Qxe4+ 25. Bxe4 Rxe4 26. Nd2 Re2 27. Nc4
h4 28. Rf3 hxg3 29. hxg3 Rb5 30. Kg1 Rh5 31. Rbf1 Bb8 32. R1f2 Re1+ 33. Rf1
Ba7+ 34. Kg2 Re2+ 35. R1f2 Bxf2 36. Rxf2 Rh2+ 37. Kxh2 Rxf2+ 38. Kh3 Rc2 39. b3
Rc3 40. Na5 Kf8 41. Kg4 Ke7 42. Kf4 Ke6 43. g4 Kd5 44. Kf5 Kd4 45. Kf4 Rc7 46.
g5 Kc3 47. b4 Kb2 48. a4 Ka3 0-1

[Event "13sen.WMH 2003 Senioren"]
[Site "Bad Zwischenahn(17.11.-29.11.2003)"]
[Date "2003.11.29"]
[Round "6"]
[White "Burreh, Heinz"]
[Black "Ollek, Karl-Heinz"]
[Result "1-0"]
[WhiteElo "1777"]
[BlackElo "1606"]
[PlyCount "83"]


1. e4 c6 2. d4 d5 3. exd5 cxd5 4. c4 dxc4 5. Bxc4 Nf6 6. Nf3 Bg4 7. Ne5 Qa5+ 8.
Qd2 Qxd2+ 9. Bxd2 Bh5 10. O-O e6 11. Nc3 a6 12. d5 Bd6 13. Rfe1 O-O 14. dxe6
Bxe5 15. exf7+ Bxf7 16. Bxf7+ Rxf7 17. Rxe5 Nc6 18. Ree1 Rd8 19. Bg5 Rdd7 20.
Bxf6 gxf6 21. Rad1 Kg7 22. a3 Ne5 23. b4 Nc4 24. a4 Nb2 25. Rb1 Rfe7 26. Rxe7+
Rxe7 27. Kf1 Nc4 28. Rd1 Kf7 29. Rd4 Ne5 30. b5 Rc7 31. Ne4 Rc1+ 32. Ke2 axb5
33. axb5 f5 34. Nd6+ Ke6 35. Nxb7 Rc2+ 36. Rd2 Rc7 37. Na5 Rc5 38. f4 Nc4 39.
Rc2 Rxb5 40. Nxc4 Rb8 41. Ne5 Rg8 42. g3 1-0

[Event "13sen.WMH 2003 Senioren"]
[Site "Bad Zwischenahn(17.11.-29.11.2003)"]
[Date "2003.11.29"]
[Round "6"]
[White "Daniel, Wolfgang"]
[Black "Chehlov, Alexander"]
[Result "1/2-1/2"]
[WhiteElo "1930"]
[BlackElo "2246"]
[PlyCount "107"]


1. e4 e5 2. Nf3 Nc6 3. Nc3 g6 4. d4 exd4 5. Nxd4 Bg7 6. Be3 Nge7 7. Be2 d6 8.
O-O O-O 9. Qd2 Kh8 10. Rad1 f5 11. exf5 Nxf5 12. Nxf5 Bxf5 13. Bd3 Qd7 14. Bh6
Ne5 15. Bxg7+ Qxg7 16. Bxf5 Rxf5 17. Qd4 a6 18. f4 Ng4 19. Qxg7+ Kxg7 20. Rde1
Raf8 21. h3 Nh6 22. g3 Rc5 23. Rf2 Ng8 24. Kg2 h6 25. Rfe2 Nf6 26. Re7+ Rf7 27.
Rxf7+ Kxf7 28. Re2 b5 29. a3 Rc4 30. Kf3 d5 31. Nd1 c6 32. Nf2 Nd7 33. Ng4 h5
34. Ne3 Rd4 35. g4 Nf6 36. gxh5 Nxh5 37. Ng2 a5 38. c3 Rc4 39. Rd2 b4 40. axb4
axb4 41. Rd4 Rxd4 42. cxd4 Nf6 43. Ne3 Ne4 44. Nc2 b3 45. Na1 Nd2+ 46. Ke2 Nc4
47. Nxb3 Kf6 48. Kf3 Kf5 49. h4 Kf6 50. Kg3 Kg7 51. Nc5 Ne3 52. Nb3 Kh6 53. Kf3
Nc4 54. Kg4 1/2-1/2

[Event "13sen.WMH 2003 Senioren"]
[Site "Bad Zwischenahn(17.11.-29.11.2003)"]
[Date "2003.11.29"]
[Round "6"]
[White "Dorawa, Bernhard"]
[Black "Erbs, Wolfgang"]
[Result "1-0"]
[WhiteElo "1945"]
[BlackElo "1727"]
[PlyCount "47"]


1. e4 e5 2. Nf3 Nf6 3. Nc3 Nc6 4. Bb5 Nd4 5. Bc4 Nxf3+ 6. Qxf3 Be7 7. O-O O-O
8. d3 d6 9. Be3 Bg4 10. Qg3 Bh5 11. f4 exf4 12. Bxf4 c6 13. Bb3 Bg6 14. Be3 Qd7
15. Ne2 Nh5 16. Qf2 b6 17. Nd4 Nf6 18. h3 Rad8 19. Nf5 Bxf5 20. Qxf5 Qxf5 21.
Rxf5 g6 22. Rf3 c5 23. Bg5 Kg7 24. Raf1 1-0

[Event "13sen.WMH 2003 Senioren"]
[Site "Bad Zwischenahn(17.11.-29.11.2003)"]
[Date "2003.11.29"]
[Round "6"]
[White "Dziura, Dieter"]
[Black "Szczepaniec, Stanislaw"]
[Result "0-1"]
[WhiteElo "1800"]
[BlackElo "2206"]
[PlyCount "64"]


1. e4 c5 2. Nf3 Nc6 3. d4 cxd4 4. Nxd4 g6 5. Bc4 Bg7 6. Be3 Nf6 7. Nc3 Qa5 8.
O-O O-O 9. Bb3 d6 10. f3 Bd7 11. Qd2 Rfe8 12. Qf2 Ne5 13. h3 Rac8 14. Rad1 Nc4
15. Bxc4 Rxc4 16. Nb3 Qa6 17. Bxa7 b5 18. a3 Nh5 19. Bd4 e5 20. Be3 Rec8 21.
Rd2 Nf4 22. Kh2 Be6 23. Rfd1 R8c6 24. Nc1 b4 25. Nd5 bxa3 26. bxa3 Bxd5 27.
exd5 Rc8 28. g3 Nh5 29. Ne2 Qxa3 30. g4 Nf4 31. Ng3 Rc3 32. Bxf4 exf4 0-1

[Event "13sen.WMH 2003 Senioren"]
[Site "Bad Zwischenahn(17.11.-29.11.2003)"]
[Date "2003.11.29"]
[Round "6"]
[White "Feldmann, Klaus[39Varel]"]
[Black "Schoerghuber, Kurt"]
[Result "0-1"]
[WhiteElo "1829"]
[BlackElo "1702"]
[PlyCount "106"]


1. c4 e6 2. Nc3 d5 3. d4 c6 4. e3 f5 5. Nf3 Nf6 6. cxd5 exd5 7. Bd3 Bd6 8. a3
O-O 9. O-O Ne4 10. Ne2 Qf6 11. Bd2 Rf7 12. Nf4 Nd7 13. Rc1 Nf8 14. Bc3 Nd7 15.
Nh5 Qe7 16. Qe2 Ndf6 17. Nxf6+ Rxf6 18. Bxe4 fxe4 19. Ne5 Be6 20. h3 Raf8 21.
b4 Rh6 22. f4 g5 23. Ng4 Rg6 24. fxg5 Qxg5 25. Rxf8+ Kxf8 26. Rf1+ Ke8 27. Ne5
Bxe5 28. dxe5 Bxh3 29. Rf2 h5 30. Bd4 h4 31. Qf1 Be6 32. Rf8+ Kd7 33. Rh8 Rg7
34. Kh1 Qg3 35. b5 h3 36. bxc6+ bxc6 37. gxh3 Rf7 38. Qg1 Qf3+ 39. Kh2 Qe2+ 40.
Qg2 Rf2 41. Rh7+ Kc8 42. Rh8+ Kd7 43. Rh7+ Ke8 44. Rh8+ Kd7 45. Rh7+ Kc8 46.
Rh8+ Kb7 47. Rh7+ Ka6 48. Rxa7+ Kb5 49. Rg7 Rxg2+ 50. Rxg2 Qf3 51. Rg3 Qh5 52.
Kg2 c5 53. a4+ Kb4 0-1

[Event "13sen.WMH 2003 Senioren"]
[Site "Bad Zwischenahn(17.11.-29.11.2003)"]
[Date "2003.11.29"]
[Round "6"]
[White "Fiedler, Eduard"]
[Black "Schueler, Wolfgang[36Lichtb]"]
[Result "0-1"]
[WhiteElo "1734"]
[BlackElo "1937"]
[PlyCount "84"]


1. e4 e5 2. Nf3 Nc6 3. Bb5 a6 4. Ba4 Nf6 5. O-O Bc5 6. d3 b5 7. Bb3 d6 8. Bg5
h6 9. Bh4 g5 10. Bg3 Ne7 11. a4 Bd7 12. axb5 axb5 13. Rxa8 Qxa8 14. Nbd2 O-O
15. h3 Ng6 16. c3 Bb6 17. h4 g4 18. Nh2 Kg7 19. Kh1 Nf4 20. Bxf4 exf4 21. g3
fxg3 22. fxg3 Nh5 23. Qe1 f5 24. Bd5 c6 25. d4 cxd5 26. exf5 Qe8 27. f6+ Rxf6
28. Qxe8 Bxe8 29. Rxf6 Nxf6 30. Kg2 Bg6 31. Kf2 h5 32. Ke3 Ne4 33. Nhf1 Nxd2
34. Nxd2 Kf6 35. b4 Bc2 36. Kf4 Bd8 37. Nf1 Be7 38. Ke3 Bf8 39. Kd2 Bb1 40. Kc1
Bd3 41. Ne3 Bh6 42. Kd2 Bc4 0-1

[Event "13sen.WMH 2003 Senioren"]
[Site "Bad Zwischenahn(17.11.-29.11.2003)"]
[Date "2003.11.29"]
[Round "6"]
[White "Fischer, Paul[37Hiltrup]"]
[Black "Josting, Friedel"]
[Result "0-1"]
[WhiteElo "1745"]
[BlackElo "1866"]
[PlyCount "70"]


1. Nc3 c5 2. d4 e6 3. d5 d6 4. e4 exd5 5. exd5 Nf6 6. Bb5+ Bd7 7. Qe2+ Be7 8.
Bg5 O-O 9. Nf3 Re8 10. O-O-O a6 11. Bxd7 Nbxd7 12. h4 b5 13. Kb1 Nb6 14. Qd3 b4
15. Bxf6 Bxf6 16. Ne4 c4 17. Nxf6+ Qxf6 18. Qd4 Qxd4 19. Nxd4 Nxd5 20. Nf5 Nf6
21. Nxd6 Re2 22. Nxc4 Rxf2 23. Rhg1 g6 24. Rd4 Re8 25. Nd6 Rxg2 26. Rgd1 Rd8
27. a3 bxa3 28. Ne4 Rxd4 29. Nxf6+ Kg7 30. Ne8+ Kf8 31. Rxd4 Rg1+ 32. Ka2 axb2
33. Kxb2 Kxe8 34. Kb3 h5 35. Kb4 Rg4 0-1

[Event "13sen.WMH 2003 Senioren"]
[Site "Bad Zwischenahn(17.11.-29.11.2003)"]
[Date "2003.11.29"]
[Round "6"]
[White "Fleischer, Martin"]
[Black "Keze, Arnis"]
[Result "1-0"]
[WhiteElo "1681"]
[BlackElo "1824"]
[PlyCount "153"]


1. e4 c5 2. Nf3 Nc6 3. c3 d6 4. Bb5 Bd7 5. a3 e6 6. O-O Nf6 7. Re1 Qc7 8. d4
cxd4 9. cxd4 Be7 10. Nc3 O-O 11. Bg5 h6 12. Bh4 Rad8 13. d5 Ne5 14. Nd4 a6 15.
Be2 Ng6 16. Bg3 Rfe8 17. dxe6 fxe6 18. Qb3 Bf8 19. Bc4 Qc8 20. Rac1 b5 21.
Ncxb5 axb5 22. Bxb5 Qb8 23. a4 Kh7 24. Qa2 e5 25. Bxd7 Rxd7 26. Nc6 Qb7 27. b4
Ra8 28. a5 Ne7 29. Nxe7 Bxe7 30. Qa4 Nxe4 31. Rxe4 Qxe4 32. Qxd7 Bg5 33. Ra1
Qxb4 34. Qf5+ Kh8 35. h4 Bf6 36. Qc2 Bd8 37. a6 Qb5 38. Qa4 Qxa4 39. Rxa4 Bb6
40. h5 Kg8 41. Kf1 Kf7 42. f3 Ke6 43. Bf2 Bxf2 44. Kxf2 Kd5 45. Ke3 Ke6 46. a7
Kf5 47. g4+ Ke6 48. Ra6 Kd5 49. Ra5+ Kc6 50. Ke4 Kc7 51. Kd5 Kd7 52. Ra6 Kc7
53. Ke6 Kb7 54. Rxd6 Rf8 55. Kxe5 Rxf3 56. Rd7+ Ka8 57. Rxg7 Rf5+ 58. Ke6 Rf6+
59. Ke7 Re6+ 60. Kf7 Rf6+ 61. Kg8 Rf8+ 62. Kh7 Rh8+ 63. Kg6 Rf8 64. Rf7 Rg8+
65. Rg7 Rf8 66. Kxh6 Rh8+ 67. Rh7 Rg8 68. Rh8 Rxh8+ 69. Kg7 Rc8 70. g5 Rc5 71.
Kh6 Kxa7 72. g6 Kb7 73. g7 Rc6+ 74. Kh7 Rc7 75. Kh8 Rc5 76. h6 Rh5 77. Kh7 1-0

[Event "13sen.WMH 2003 Senioren"]
[Site "Bad Zwischenahn(17.11.-29.11.2003)"]
[Date "2003.11.29"]
[Round "6"]
[White "Forselv, Edmund"]
[Black "Kock, Hans-Uwe"]
[Result "0-1"]
[WhiteElo "1840"]
[BlackElo "2090"]
[PlyCount "98"]


1. e4 c6 2. Nc3 d5 3. Nf3 Bg4 4. exd5 cxd5 5. h3 Bxf3 6. Qxf3 e6 7. d4 Nc6 8.
Bb5 Nge7 9. O-O a6 10. Bxc6+ Nxc6 11. Be3 Be7 12. Rac1 O-O 13. Ne2 b5 14. c3
Qb6 15. Nf4 Rfc8 16. Nh5 Bf8 17. Qg3 Kh8 18. Bg5 Ra7 19. f4 Ne7 20. Qd3 f6 21.
Bh4 Nf5 22. Bf2 Nd6 23. Rfe1 Ne4 24. Ng3 f5 25. Nf1 Rac7 26. Be3 Be7 27. Nd2
Qb8 28. Nf3 a5 29. Ng5 Bxg5 30. fxg5 Rc4 31. Qf1 Kg8 32. Bf4 Qb7 33. a3 b4 34.
cxb4 axb4 35. Rxc4 dxc4 36. Rc1 bxa3 37. bxa3 c3 38. a4 Qa7 39. Qd1 Rc4 40. Be3
Rxa4 41. Qb3 Kf7 42. h4 Ra2 43. Qc4 Qb7 44. g4 g6 45. gxf5 gxf5 46. h5 Nxg5 47.
d5 Nf3+ 48. Kf1 exd5 49. Qf4 Qa6+ 0-1

[Event "13sen.WMH 2003 Senioren"]
[Site "Bad Zwischenahn(17.11.-29.11.2003)"]
[Date "2003.11.29"]
[Round "6"]
[White "Fries, Karl-Heinz"]
[Black "Semmler, Guenter"]
[Result "0-1"]
[WhiteElo "1744"]
[BlackElo "1951"]
[PlyCount "64"]


1. e4 d6 2. d4 Nf6 3. Nc3 Nbd7 4. Bg5 c6 5. Qd2 e5 6. O-O-O Be7 7. Nf3 Qa5 8.
Kb1 a6 9. Nh4 exd4 10. Bxf6 Bxf6 11. Nf5 dxc3 12. Nxd6+ Kf8 13. Qe3 Qb4 14. b3
Qa3 15. Nc4 Qc5 16. Qc1 b5 17. Nd6 Nb6 18. f4 Bd4 19. Nf5 Bxf5 20. Rxd4 Qxd4
21. exf5 Nd5 22. Bd3 a5 23. Re1 Qxf4 24. Qa3+ Qb4 25. Qc1 Re8 26. Rxe8+ Kxe8
27. Qe1+ Qe7 28. Qg3 Kd7 29. Qf2 Qa3 30. Qa7+ Nc7 31. Qd4+ Nd5 32. Qa7+ Kd6 0-1